<?xml version="1.0" encoding="UTF-8"?>
<record
    xmlns:xsi="http://www.w3.org/2001/XMLSchema-instance"
    xsi:schemaLocation="http://www.loc.gov/MARC21/slim http://www.loc.gov/standards/marcxml/schema/MARC21slim.xsd"
    xmlns="http://www.loc.gov/MARC21/slim">

  <leader>00732nam a2200217 i 4500</leader>
  <controlfield tag="001">C00047936c</controlfield>
  <controlfield tag="005">20241029145822.0</controlfield>
  <controlfield tag="008">030604 2001    sp a     m      1   spa d</controlfield>
  <datafield tag="020" ind1=" " ind2=" ">
    <subfield code="a">84-7820-551-9</subfield>
  </datafield>
  <datafield tag="080" ind1=" " ind2=" ">
    <subfield code="a">7(460.224 Calatayud)"15"</subfield>
  </datafield>
  <datafield tag="100" ind1="1" ind2=" ">
    <subfield code="a">Acerete Tejero, Jos&#xE9; Miguel.</subfield>
    <subfield code="9">32082</subfield>
  </datafield>
  <datafield tag="245" ind1="1" ind2="0">
    <subfield code="a">Estudio documental de las artes en la comunidad de Calatayud en el siglo XVI / </subfield>
    <subfield code="c">Jos&#xE9; Miguel Acerete Tejero.</subfield>
  </datafield>
  <datafield tag="260" ind1=" " ind2=" ">
    <subfield code="a">Calatayud : </subfield>
    <subfield code="b">Centro de Estudios Bilbilitanos, </subfield>
    <subfield code="c">DL  2001.</subfield>
  </datafield>
  <datafield tag="300" ind1=" " ind2=" ">
    <subfield code="a">803 p. : </subfield>
    <subfield code="b">il. ; </subfield>
    <subfield code="c">24 cm.</subfield>
  </datafield>
  <datafield tag="500" ind1=" " ind2=" ">
    <subfield code="a">&#xCD;ndices.</subfield>
  </datafield>
  <datafield tag="500" ind1=" " ind2=" ">
    <subfield code="a">Resumen de la tesis univ. Zaragoza.</subfield>
  </datafield>
  <datafield tag="650" ind1=" " ind2="4">
    <subfield code="a">Arte-</subfield>
    <subfield code="z">Espa&#xF1;a-</subfield>
    <subfield code="z">Calatayud-</subfield>
    <subfield code="y">S. XVI.</subfield>
    <subfield code="9">94690</subfield>
  </datafield>
  <datafield tag="852" ind1="4" ind2=" ">
    <subfield code="j">H-2518</subfield>
  </datafield>
  <datafield tag="952" ind1=" " ind2=" ">
    <subfield code="0">0</subfield>
    <subfield code="1">0</subfield>
    <subfield code="4">0</subfield>
    <subfield code="7">0</subfield>
    <subfield code="8">NOR</subfield>
    <subfield code="a">RABASF</subfield>
    <subfield code="b">RABASF</subfield>
    <subfield code="c">DP2</subfield>
    <subfield code="d">2003-06-04</subfield>
    <subfield code="e">C</subfield>
    <subfield code="l">0</subfield>
    <subfield code="o">H-2518</subfield>
    <subfield code="p">1051133</subfield>
    <subfield code="r">2024-10-15 09:38:41</subfield>
    <subfield code="w">2024-10-15</subfield>
    <subfield code="y">FONDOMODER</subfield>
  </datafield>
  <datafield tag="999" ind1=" " ind2=" ">
    <subfield code="c">46643</subfield>
    <subfield code="d">46643</subfield>
  </datafield>
</record>
